Alice in Wonderland Franchise - Statistics

General Stats
  • This quiz has been taken 76 times
  • The average score is 10 of 18
Answer Stats
Type Year Name Info % Correct
Film 1951 Alice in Wonderland Disney
100%
Film 2010 Alice in Wonderland Disney
100%
Video Game 2000 Alice in Wonderland Nintendo
100%
Video Game 2010 Alice in Wonderland Disney Interactive Studios
100%
Theme Park Attraction 1958-Present Alice in Wonderland Disneyland
100%
Novel 1865 Alice's Adventures in Wonderland Lewis Carroll
100%
Video Game 2000 American McGee's Alice EA
100%
Novel 1871 Through the Looking Glass, and What Alice Found There Lewis Carroll
82%
Film 2016 Alice Through the Looking Glass Disney
59%
TV Show 2013-2014 Once Upon a Time in Wonderland ABC
29%
Video Game 2011 Alice: Madness Returns EA
24%
TV Show 1992-1995 Adventures in Wonderland Disney Channel
22%
Theater N/A Alice in Wonderland Jr. Middle School / High School Production
18%
Concept Album 2010 Almost Alice Buena Vista
10%
Theme Park Attraction 1955-Present Mad Tea Party (Various)
10%
Theme Park Attraction 1992-Present Alice's Curious Labyrinth Disneyland Paris
8%
Theme Park Attraction 2016-Present Alice in Wonderland Maze Shanghaî Disney Resort
6%
Theme Park Attraction 2012-Present Mad T Party Disneyland
6%
No matching quizzes found
Score Distribution
Percent of People with Each Score
Percentile by Number Answered
Your Score History
You have not taken this quiz